Economía del proyecto en ingeniería

Guardat en:
Dades bibliogràfiques
Autors principals: Thuesen, Holger George (Autor), Fabrycky, W. J (Autor), Thuesen, C. J (Autor)
Format: Llibre
Idioma:espanyol
Publicat: Madrid Del Castillo 1974
Matèries:
Etiquetes: Afegir etiqueta
Sense etiquetes, Sigues el primer a etiquetar aquest registre!

MARC

LEADER 00000nam a2200000 a 4500
001 UCU2689
003 CL-VaPUC
008 960426e19740000SP |||||||||||||||||spa|d
082 0 4 |a 338.5  |b THU  |2 21 
100 0 |a Thuesen, Holger George  |e author  |9 359066 
700 0 |a Fabrycky, W. J  |e author  |9 359067 
700 0 |a Thuesen, C. J  |e author  |9 359068 
245 1 0 |a Economía del proyecto en ingeniería 
300 |a 489 p 
942 |c BK 
945 |d 19960426 00:00:00  |a paguirre 
260 |a Madrid  |b Del Castillo  |c 1974 
650 0 |a Economía   |9 255568 
650 0 |a Ingeniería   |9 259380 
650 7 |a GASTOS  |2 CL-VaPUC  |9 357995 
650 7 |a FINANCIAMIENTO  |2 CL-VaPUC  |9 358995 
650 0 |a Costos   |9 261063 
650 0 |a Precios   |9 260787 
650 0 |a Valor  |9 323720 
650 0 |a Valor económico   |9 352307 
583 |a last modification  |c 19960426 00:00:00  |k Rodrigo Vera 
999 |c 246923  |d 246921 
952 |0 0  |1 0  |4 0  |6 338_500000000000000_THU_1974  |7 0  |8 A  |9 262286  |a BIBING  |b BIBING  |d 2019-11-19  |i 1640763  |o 338.5 THU 1974  |p 1640763  |r 2025-01-20  |w 2019-11-19  |y BK  |k EIE 
952 |0 0  |1 0  |4 0  |6 338_500000000000000_THU_1974  |7 0  |8 A  |9 262287  |a BIBING  |b BIBING  |d 2019-11-19  |i 164095K  |o 338.5 THU 1974  |p 164095K  |r 2025-01-20  |w 2019-11-19  |y BK  |k EIE 
952 |0 0  |1 0  |4 0  |6 338_500000000000000_THU_1974  |7 0  |8 A  |9 262288  |a BIBENE  |b BIBENE  |d 2019-11-19  |i 1994433  |o 338.5 THU 1974  |p 1994433  |r 2025-01-15  |w 2019-11-19  |y BK  |k ICO